Burnley FC Squad 2014-2015 - Statistics

General Stats
  • This quiz has been taken 4 times
  • The average score is 13 of 27
Answer Stats
# Position Nation Player % Correct
6 DF England Ben Mee
100%
9 FW Wales Sam Vokes
100%
- Coach England Sean Dyche
100%
30 FW England Ashley Barnes
75%
8 MF England Dean Marney
75%
4 DF Northern Ireland Michael Duff
75%
1 GK England Tom Heaton
75%
10 FW England Danny Ings
50%
5 DF England Jason Shackell
50%
28 DF Ireland Kevin Long
50%
17 FW England Marvin Sordell
50%
25 DF England Michael Keane
50%
11 FW England Michael Kightly
50%
20 MF England Nathaniel Chalobah
50%
37 MF Scotland Scott Arfield
50%
18 DF Ireland Steven Reid
50%
3 DF Northern Ireland Danny Lafferty
25%
14 MF England David Jones
25%
20 MF Norway Fredrik Ulvestad
25%
21 FW Scotland George Boyd
25%
2 DF England Kieran Trippier
25%
19 FW England Lukas Jutkiewicz
25%
22 GK Scotland Matthew Gilks
25%
15 MF England Matthew Taylor
25%
7 MF Scotland Ross Wallace
25%
23 DF Ireland Stephen Ward
25%
33 MF England Steven Hewitt
0%
No matching quizzes found
Score Distribution
Percent of People with Each Score
Percentile by Number Answered
Your Score History
You have not taken this quiz